000 01219nam a2200229Ia 4500
999 _c38121
_d38121
001 4109
003 GE_BSU
005 20190924110228.0
008 181216s1974||||ge |||||||||||||| ||geo||
040 _cGE_BSU
041 _ageo
080 _a398(479.223)+821.353.1 ს–24
245 _aსამხრეთ–დასავლეთ საქართველოს ზეპირსიტყვიერება :
_bტ.1 /
_cრედ მ. ჩიქოვანი.
264 _a თბილისი :
_bმეცნიერება,
_c1974.
300 _a98 გვ. ;
_b21 სმ.
653 _aზეპირსიტყვიერება
700 _aჩიქოვანი, მ.
_eრედაქტორი
_94261
710 _aსაქართველოს სსრ მეცნიერებათა აკადემია
_94262
710 _aბათუმის სამეცნიერო-კვლევითი ინსტიტუტი
_94263
710 _a ბათუმის ნ. ბერძენიშვილის სახელობის სამეცნიერო-კვლევითი ინსტიტუტი
_94264
942 _cBK
_2udc